Zarzadzanie logistyczne

Gespeichert in:
Bibliographische Detailangaben
Weitere Verfasser: Ciesielski, Zbigniew
Format: Buch
Sprache:Polnisch
Englisch
Veröffentlicht: Poznan Wydawnictwo Akademii Ekonomicznej w Poznaniu 1999
Schriftenreihe:Zeszyty naukowe: Seria 1 Zeszyt 268
Schlagworte:
Tags: Tag hinzufügen
Keine Tags, Fügen Sie das erste Tag hinzu!

MARC

LEADER 00000nam a2200000 4500
001 c122811
005 20221221084929.5
022 |a 0208-4902 
041 0 |a pol 
041 0 |a eng 
044 |a PL 
245 1 0 |a Zarzadzanie logistyczne  |c Redaktor naukowy: Marek Ciesielski 
264 1 |a Poznan  |b Wydawnictwo Akademii Ekonomicznej w Poznaniu  |c 1999 
300 |a 110 s. 
490 1 |a Zeszyty naukowe: Seria 1  |v Zeszyt 268 
830 0 |a Zeszyty naukowe: Seria 1  |v Zeszyt 268 
610 2 0 |a logistika 
610 2 0 |a riadenie 
610 2 0 |a riadenie kvality 
610 2 0 |a marketing 
610 2 0 |a kvalita 
610 2 0 |a distribúcia 
610 2 0 |a konkurencia 
610 2 0 |a podnik výrobný 
610 2 0 |a podnik dopravný 
610 2 0 |a operátori 
700 1 |a Ciesielski, Zbigniew